000 01079nam a22003497a 4500
001 2435988
003 OSt
005 20210426114706.0
008 880216s1988 nyu 000 1 eng
010 _a 88004491
020 _a0671665995
040 _aDLC
_cDLC
_dDLC
_beng
041 _aeng
043 _an-us-ny
050 0 0 _aPS3562.A755
_bS66 1988
080 _a821.111
_bL-36
082 0 0 _a813/.54
_219
100 1 _aLathen, Emma.
245 1 0 _aSomething in the air /
_cby Emma Lathen.
_b/ by: Simon and Schuster
260 _aNew York
_bSimon and Schuster
_cc1988.
300 _a271 p.
_c22 cm.
365 _b16.95 usd
650 0 _aThatcher, John Putnam (Fictitious character)
_vFiction.
650 0 _aEnglish literature
_9254
650 0 _aBankers
_vFiction.
651 0 _aWall Street (New York, N.Y.)
_vFiction.
651 0 _aNew York (N.Y.)
_vFiction.
653 _aინგლისური ლიტერატურა
655 7 _aDetective and mystery stories.
_2gsafd
906 _a7
_bcbc
_corignew
_d1
_eocip
_f19
_gy-gencatlg
942 _2udc
_cBK
999 _c1198
_d1198